MDQL
is popping MORE tags! Check the
thread
!
Quizzes
Events
Quiz Creation
Community
Videos
Private Events
Remove Ads
Sign In
Join for FREE
Feedback
Dark Mode
Quiz Categories
Sports
Geography
Music
Movies
Television
Just For Fun
Miscellaneous
History
Literature
Language
Science
Gaming
Entertainment
Religion
Holiday
For Kids
Quiz Lab
Recent
Popular Today
Quiz Kudos Today
Editor Picks
Curator Picks
Quizzes by...
Day
Popularity
Type
Ratings
Length
Year
Community
Subscriptions
Recent Discussions
Orange Saloon
Badges
Playlists
Quests
Create
Leaderboards
Showdown
Live 5
Trivia Bingo
Activity
Puzzle Library
Sporcle Events
Private Events
Virtual Trivia
Globe League
Become a Host
Pub Owners
SporcleCon
Opinionation
Our Games
Videos
Blog
Mobile Apps
Partnerships
Remove Ads and Go Orange
Feedback
Movies
Disney
Marvel Cinematic Universe
Movie Resume
Movie Titles
Oscar
Actor
Actress
Director
Pixar
Role
Movie Quotes
Movie Characters
Box Office
Nominee
Best Picture
Star Wars
James Bond
Horror Movies
Movies
Disney
Marvel Cinematic Universe
Movie Resume
Movie Titles
Oscar
Actor
Actress
Director
Pixar
Role
Movie Quotes
Movie Characters
Box Office
Nominee
Best Picture
Star Wars
James Bond
Horror Movies
Random Quiz
Search Sporcle
×
Quiz Lab
Quiz Lab
Movies
Movie Titles
Type in answers that appear in a list
Type in answers that appear in a list
Classic
Best Score? Go Orange.
How Many MCU Movies can you Name in 30 Seconds Stats
How Many MCU Movies Can you Name in 30 Seconds?
By
Remyrimmm
30s
23 Questions
148 Plays
148 Plays
148 Plays
Comments
Comments
Give Quiz Kudos
Give Quiz Kudos
-
- Ratings
hide this ad
More Info
Replay
Link that replays current quiz
Next Quiz
Link to next quiz in quiz playlist
You Got
0%
They Got
Avg Score
43%
Avg Friend Score
Upgrade to see
Score Distribution
Jump to the score distribution portion of the page
Score
0/23
Timer
00:30
0
Plays Today
Movie
% Correct
Iron Man
91.2%
Iron Man 2
83.8%
Thor
82.4%
Iron Man 3
80.4%
The Avengers
60.8%
Thor: The Dark World
56.1%
Avengers: Endgame
50.7%
Ant-Man
47.3%
Avengers: Infinity War
47.3%
Captain America: The First Avenger
46.6%
Thor: Ragnarok
45.9%
Captain America: Civil War
41.2%
Movie
% Correct
Avengers: Age of Ultron
39.9%
Captain America: The Winter Soldier
38.5%
Spider-Man: Homecoming
32.4%
Black Panther
31.8%
Doctor Strange
28.4%
The Incredible Hulk
23.6%
Spider-Man: Far From Home
23%
Ant-Man and the Wasp
22.3%
Captain Marvel
18.9%
Guardians of the Galaxy
9.5%
Guardians of the Galaxy Vol. 2
4.1%
Quiz Playlist
Details
Report
Send in Message
Add To Playlist
More Info:
SUBTITLES ARE ALLOWED
Classic:
Type in answers that appear in a list
Last Updated: Aug 23, 2019
Quiz Scoreboard
CHALLENGE
Sign Up to Join the Scoreboard
Show All
Scores
Hide
Comments
May contain spoilers
Recently Published
Holiday 10x10 Sorting Gallery
by lukepisani3
Holiday
15m
Two Season TV Shows II
by 123Four
Television
10m
Image Sorting: Flags VI
by Barbecue
Geography
2m
More to Explore
Quiz From the Vault
Featured Blog Post
14 Easter Pick-up Lines to Find Eggs With
hide this ad
You Might Also Like...
Tags
Marvel Quiz
Marvel Cinematic Universe Quiz
Movie Titles Quiz
Typing Quiz
30 Seconds
Marvel Movie
Today's Top Quizzes in Movies
Browse Movies
hide this ad
Today's Top Quizzes in Movie Titles
Browse Movie Titles
Top Contributed Quizzes in Movies
1
The ultimate James Bond movie quiz
2
Find The 'Big' Movie
3
Find The 'Wild' Movie
4
Find The 'Blue' Movie
5
Movies By Plot
6
Hidden Star Wars Character II
7
25 Best Actor Nominees (1990s)
8
Hidden Star Wars Character III
9
😉 2024 Oscar Nominees by Emoji
10
Hidden Star Wars Character IV
Explore More
Trending Topics
NBA
Anime
Marvel
Kpop
Crossword
Harry Potter
Disney
Pokémon
Song
The Office
Puzzle
Soccer
NFL
Country
WWE
hide this ad
More By:
Remyrimmm
Quiz
Plays
Rating
Category
Featured
Created
Marvel Cinematic Universe Timeline
25,682
2.00
Movies
Nov 21, 2018
Apex Legends All Weapons
7,882
2.42
Gaming
Feb 11, 2019
Box Office Top 300
4,695
4.90
Movies
Oct 31, 2018
Everything in the MCU
3,709
3.82
Movies
Jul 11, 2019
Highest Grossing Marvel Movies
2,300
4.00
Movies
Jan 30, 2019
Go to Creator's Profile
Score Distribution
Quiz Creator Spotlight
Remyrimmm
Follow
Send a Message
Quizzes Created
-
Created Quiz Play Count
-
More By This Creator
Popular Quizzes Today
1
Find the US States - No Outlines Minefield
2
Colored Red Africa Blitz
3
Find the 'City' Movie
4
The Countries of the World
5
Find the US States
6
5x2 Blitz: Bands
7
Find the Countries of Europe - No Outlines Minefield
8
US States
More Movies Quizzes
20 to 1 - An Actresses' Resume Part III
Quiz Lab
Trending Quizzes
Colored Red Europe Blitz I
Colored Red Europe Blitz II
Colored Red Africa Blitz II
Colored Red Europe Blitz III
Colored Red Africa Blitz III
Recently Updated
Odd Team Out - Big 4 Players
pecheneg
Quick Pick: 20 Twenties
pecheneg
March Madness Men's Triple Doubles
pecheneg
How Do You Spell That?
pecheneg
Godzilla Movies
pecheneg
Grab Bag: 4-10 Letters
pecheneg
2024 March Madness Bracket
pecheneg
Famous TV Couples
Peacemaker
Champions League XIs: Real Madrid
pecheneg
Largest US Cities 1790-2010
pecheneg
Trending Topics
Disney
Anime
Harry Potter
Kpop
NBA
Marvel
Crossword
Country
Soccer
NFL
Pokémon
WWE
The Office
Song
Puzzle
Your Account Isn't Verified!
In order to create a playlist on Sporcle, you need to verify the email address you used during registration. Go to your
Sporcle Settings
to finish the process.
Report this User
Report this user for behavior that violates our
Community Guidelines
.
Details:
Send Report
Go to the Sporcle.com Mobile Site →
Comments